Antenna and Wave propagation / (Record no. 13049)
[ view plain ]
| 000 -LEADER | |
|---|---|
| fixed length control field | 00715nam a2200241 a 4500 |
| 001 - CONTROL NUMBER | |
| control field | 13049 |
| 003 - CONTROL NUMBER IDENTIFIER | |
| rucl marc code | BD-RjUL |
| 005 - DATE AND TIME OF LATEST TRANSACTION | |
| control field | 20211208235410.0 |
| 008 - FIXED-LENGTH DATA ELEMENTS--GENERAL INFORMATION | |
| fixed length control field | 140130s1985 ii aaf 001 0 eng d |
| 035 ## - SYSTEM CONTROL NUMBER | |
| System control number | (BD-RjUL)13099 |
| 040 ## - CATALOGING SOURCE | |
| Original cataloging agency | BD-RjUL |
| Language of cataloging | eng |
| Transcribing agency | BD-RjUL |
| Modifying agency | BD-RjUL |
| 041 ## - LANGUAGE CODE | |
| Language code of text/sound track or separate title | eng |
| 082 ## - DEWEY DECIMAL CLASSIFICATION NUMBER | |
| Classification number | 621.384135 |
| Author mark and year | PRA 1985 |
| Edition number | 23 |
| 100 1# - MAIN ENTRY--PERSONAL NAME | |
| Personal name | Prasad, K. D. |
| 9 (RLIN) | 38071 |
| 245 14 - TITLE STATEMENT | |
| Title | Antenna and Wave propagation / |
| Statement of responsibility, etc. | by K.D. Prasad. |
| 250 ## - EDITION STATEMENT | |
| Edition statement | Reprit edition (corrected) |
| 260 ## - PUBLICATION, DISTRIBUTION, ETC. (IMPRINT) | |
| Place of publication, distribution, etc. | NewDelhi : |
| Name of publisher, distributor, etc. | Saya Prokashan, |
| Date of publication, distribution, etc. | 1985. |
| 300 ## - PHYSICAL DESCRIPTION | |
| Pagination | xii , 794 p. : |
| Illustrations | ill.; |
| Size | 23 cm. |
| 504 ## - BIBLIOGRAPHY, ETC. NOTE | |
| Bibliography, etc | Includes bibliographical reference |
| 650 #0 - SUBJECT ADDED ENTRY--TOPICAL TERM | |
| Topical term or geographic name as entry element | Radio |
| 9 (RLIN) | 38234 |
| Form subdivision | Antenna |
| Topical term or geographic name as entry element | Radio Wave Propagation |
| 9 (RLIN) | 228096 |
| 942 ## - ADDED ENTRY ELEMENTS (KOHA) | |
| Source of classification or shelving scheme | Dewey Decimal Classification |
| Koha item type | Books |
| Lost status | Source of classification or shelving scheme | Damaged status | Not for loan | Collection code | Permanent Location | Current Location | Shelving location | Date acquired | Source of acquisition | Cost, normal purchase price | Total Checkouts | Full call number | Date last seen | Copy number | Koha item type |
|---|---|---|---|---|---|---|---|---|---|---|---|---|---|---|---|
| Dewey Decimal Classification | Not For Loan | Non-fiction | Central Library, University of Rajshahi | Central Library, University of Rajshahi | Reading Room | 08/12/2021 | Karim International, Dhaka | 41.52 | 621.384135 PRA 1985 | 12/02/2019 | C-1 | Books |